00361pab a2200121 454500008004000000100002100040245009800061260000900159300001200168362001800180650002000198773002100218180718b2005 xxu||||| |||| 00| 0 eng d aFogel, Robert W. aReconsidering expectations of economic growth after world war II from the perspective of 2004 c2005 ap.6-14. aSpecial issue aEconomic growth aIMF Staff Papers